| 000 | 00617nam a2200217Ii 4500 | ||
|---|---|---|---|
| 001 | 15542 | ||
| 003 | CO-ViMGA | ||
| 008 | 241108s9999||||xx |||||||||||||| ||und|| | ||
| 020 | _a9561219144 | ||
| 040 |
_aCO-ViMGA _bspa _erda _cCO-ViMGA |
||
| 041 | 0 | _aspa | |
| 082 | 0 | 4 | _a842.42 M64a |
| 100 | 1 |
_aMoliáere, _d1622-1673 _950713 |
|
| 245 | 1 | 0 | _aEl avaro, El burgués gentilhombre |
| 264 | 1 | _aSantiago, Chile : Zig-Zag, 2008 | |
| 300 | _avolumen | ||
| 336 |
_atext _btxt _2rdacontent |
||
| 337 |
_aunmediated _bn _2rdamedia |
||
| 338 |
_avolume _bnc _2rdacarrier |
||
| 940 | _aidficha_siabuc: 15226. -- ficha_no_siabuc:15542 | ||
| 999 |
_c45398 _d45398 |
||